<?xml version="1.0" encoding="UTF-8"?>
<record
    xmlns:xsi="http://www.w3.org/2001/XMLSchema-instance"
    xsi:schemaLocation="http://www.loc.gov/MARC21/slim http://www.loc.gov/standards/marcxml/schema/MARC21slim.xsd"
    xmlns="http://www.loc.gov/MARC21/slim">

  <leader>01621nam a22002297a 4500</leader>
  <controlfield tag="005">20240719103915.0</controlfield>
  <controlfield tag="008">240206b2017    |||||||| |||| 00| 0 spa d</controlfield>
  <datafield tag="020" ind1=" " ind2=" ">
    <subfield code="a">9788415618706</subfield>
  </datafield>
  <datafield tag="041" ind1=" " ind2=" ">
    <subfield code="a">ESP</subfield>
  </datafield>
  <datafield tag="082" ind1=" " ind2=" ">
    <subfield code="a">808.831 G864c</subfield>
  </datafield>
  <datafield tag="100" ind1=" " ind2=" ">
    <subfield code="a">Grimm, Jacob</subfield>
  </datafield>
  <datafield tag="100" ind1=" " ind2=" ">
    <subfield code="a">Grimm, Wilhelm</subfield>
  </datafield>
  <datafield tag="245" ind1=" " ind2=" ">
    <subfield code="a">Cuentos de los hermanos Grimm</subfield>
  </datafield>
  <datafield tag="260" ind1=" " ind2=" ">
    <subfield code="a">Espa&#xF1;a</subfield>
  </datafield>
  <datafield tag="260" ind1=" " ind2=" ">
    <subfield code="b">Editorial Alma</subfield>
  </datafield>
  <datafield tag="260" ind1=" " ind2=" ">
    <subfield code="c">2017</subfield>
  </datafield>
  <datafield tag="300" ind1=" " ind2=" ">
    <subfield code="a">350 p&#xE1;ginas</subfield>
  </datafield>
  <datafield tag="505" ind1=" " ind2=" ">
    <subfield code="a">El rey Sapo, o Enrique el F&#xE9;rreo. Cuento de uno que se fue de casa para aprender a tener miedo. El lobo y los siete cabritos. Los doce hermanos. Rapunzel. Hansel y Gretel. La serpiente blanca. El pescador y su mujer. Cenicienta. Caperucita roja. Los m&#xFA;sicos de Bremen. Los tres pelos dorados del diablo. Mesita Ponte, Burro de Oro y Palo Sal del Saco. El novio bandolero. El viaje de Pulgarcito. El viejo Sult&#xE1;n. Escaramujo (la bella durmiente del bosque). El p&#xE1;jaro dorado. Frido y Catalisa. La oca dorada. Pelisurta. Yorinde y Yoringel. Hans, el dichoso. La alondrita cantarina y saltarina. La ni&#xF1;a de los gansos. La cueva. La astuta campesina. El genio de la botella. El cazador. El asno que com&#xED;a hortalizas. El diablo y su abuela. Los cuatro hermanos habilidosos. Unojito,Dosojito y Tresojito. Los zapatos rotos de tanto bailar. La remolacha. Nieveblanca y Rosarroja. Laondina. La liebre y el puercoesp&#xED;n. El campesino y el diablo. El ladr&#xF3;n maestro. El t&#xFA;mulo. Gente lista. La duraci&#xF3;n de la vida. El sastre en el cielo. Seis se abren paso por el mundo. Blancanieves.</subfield>
  </datafield>
  <datafield tag="650" ind1=" " ind2=" ">
    <subfield code="a">LITERATURA ALEMANA</subfield>
  </datafield>
  <datafield tag="650" ind1=" " ind2=" ">
    <subfield code="a">CUENTOS ALEMANES</subfield>
  </datafield>
  <datafield tag="942" ind1=" " ind2=" ">
    <subfield code="2">ddc</subfield>
    <subfield code="c">LIT</subfield>
  </datafield>
  <datafield tag="999" ind1=" " ind2=" ">
    <subfield code="c">13611</subfield>
    <subfield code="d">13611</subfield>
  </datafield>
  <datafield tag="952" ind1=" " ind2=" ">
    <subfield code="o">808.831 G864c</subfield>
    <subfield code="p">25884</subfield>
    <subfield code="q">2026-05-15</subfield>
    <subfield code="y">LIT</subfield>
  </datafield>
</record>
